Introduction a l'histoire littéraire / (Record no. 156840)

MARC details
000 -LEADER
campo de control de longitud fija 00668nam a22001935i 4500
001 - NÚMERO DE CONTROL
campo de control 156840
003 - IDENTIFICADOR DE NÚMERO DE CONTROL
campo de control ES-MaACL
005 - FECHA Y HORA DE LA ÚLTIMA TRANSACCIÓN
campo de control 20230906210518.0
008 - DATOS DE LONGITUD FIJA--INFORMACIÓN GENERAL
campo de control de longitud fija 040805s1898 fr |||| | fre d
040 ## - FUENTE DE CATALOGACIÓN
Centro catalogador/agencia de origen CAM
Lengua de catalogación spa
Centro/agencia transcriptor CAM
100 1# - ENTRADA PRINCIPAL--NOMBRE DE PERSONA
Nombre de persona Lacombe, Paul.
9 (RLIN) 69384
245 10 - MENCIÓN DEL TÍTULO
Título Introduction a l'histoire littéraire /
Mención de responsabilidad, etc. par P. Lacombe.
260 ## - PUBLICACIÓN, DISTRIBUCIÓN, ETC.
Lugar de publicación, distribución, etc. Paris :
Nombre del editor, distribuidor, etc. Librairie Hachette et c\pie\s,
Fecha de publicación, distribución, etc. 1898 (
Lugar de fabricación/manufactura Coulommiers :
Fabricante Imp. Paul Brodard)
300 ## - DESCRIPCIÓN FÍSICA
Extensión VIII, 420 p. ;
Dimensiones 23 cm.
594 ## - Nota al título y mención de responsabilidad
Nota al título y mención de responsabilidad Precede al tit.: De l'histoire considérée comme science.
650 ## - PUNTO DE ACCESO ADICIONAL DE MATERIA--TÉRMINO DE MATERIA
Término de materia o nombre geográfico como elemento de entrada Literatura-
Subdivisión general Historia.
9 (RLIN) 222671
852 ## - LOCALIZACIÓN
Ubicación ES-MaACL
Número de control de estantería F-1446
Nota libre -- Rust. deteriorada
Holdings
Estatus retirado Estado de pérdida Estado de daño No para préstamo Colección Biblioteca de origen Biblioteca actual Ubicación en estantería Fecha de adquisición Fuente de adquisición Total de préstamos Signatura topográfica completa Código de barras Visto por última vez Precio de reemplazo Tipo de ítem Koha
        Libros del s. XIX Biblioteca del Ateneo de Madrid Biblioteca del Ateneo de Madrid Depósito 2 17/01/2008     F-1446 1164095 23/02/2023 23/02/2023 Libro impreso antiguo